les vainqueurs des tournois atp 250 en 2022 - Statistiques

Statistiques générales
  • Ce quiz a été pris 94 fois
  • Le résultat moyen est 19 sur 42
Statistiques - réponses
Tournois Vainqueur % Correct
Tel Aviv Djokovic
93%
Los Cabos Medvedev
85%
Melbourne Nadal
85%
Majorque Tsitsipas
78%
Buenos Aires Ruud
73%
Genève Ruud
73%
Gstaad Ruud
73%
Umag Sinner
70%
Munich Rune
66%
Stockholm Rune
66%
Marseille Rublev
64%
Belgrade Rublev
64%
Gijon Rublev
64%
Eastbourne Fritz
60%
Adelaïde Monfils
59%
Florence Auger-Aliassime
51%
Anvers Auger-Aliassime
51%
Delray Beach Norrie
47%
Lyon Norrie
47%
Naples Musetti
42%
Doha Bautista Agut
37%
Kitzbühel Bautista Agut
37%
Montpellier Bublik
37%
Winston Salem Mannarino
34%
Stuttgart Berretini
33%
Atlanta De Minaur
33%
Estoril Baez
32%
Adelaïde 2 Kokkinakis
32%
Bastad Cerundolo
30%
Dallas Opelka
29%
Houston Opelka
29%
Metz Sonego
27%
Newport Cressy
26%
Sydney Karatsev
26%
Séoul Nishioka
26%
Marrakech Goffin
25%
Cordoba Ramos
21%
s'Hertogenbosh Van Rijthoven
21%
San Diego Nakashima
16%
Pune Sousa
11%
Sofia Huesler
10%
Santiago Martinez
7%
Aucun quiz correspondant
Distribution des résultats
% des personnes avec chaque résultat
Percentile par nombre de réponses
Votre historique - résultats
Vous n’avez pas pris ce quiz